[Event "First Saturday 2010 december IM"]
[Site "Budapest"]
[Date "2010.12.09"]
[Round "6"]
[White "Farago, Sandor"]
[Black "Lyell, Mark"]
[Result "1-0"]
[WhiteElo "2284"]
[BlackElo "2210"]
[PlyCount "111"]
[EventDate "2010.12.04"]

1. d4 d5 2. Nf3 Nf6 3. Bf4 Bf5 4. c3 Nbd7 5. Nbd2 e6 6. Qb3 Bd6 7. Bxd6 cxd6 8.
Qxb7 O-O 9. Qa6 Qc7 10. e3 Rfb8 11. Nb3 Nb6 12. Nfd2 Ne4 13. Bd3 Nxd2 14. Nxd2
Bxd3 15. Qxd3 Na4 16. b3 Qxc3 17. Ke2 Qxd3+ 18. Kxd3 Nb6 19. Rhc1 Rc8 20. a4 a5
21. Rc3 Rxc3+ 22. Kxc3 Rc8+ 23. Kb2 Kf8 24. Nb1 Ke7 25. Nc3 Kd7 26. Nb5 Rc6 27.
Ra2 Nc8 28. b4 axb4 29. Kb3 Ne7 30. Kxb4 Ra6 31. Rc2 Nc6+ 32. Ka3 Ra8 33. Rc1
Rb8 34. Rb1 Rb7 35. Kb3 Rb8 36. Kc2 Na5 37. Nc3 Rc8 38. Rb5 Nc4 39. Rb7+ Rc7
40. Rxc7+ Kxc7 41. Kb3 Kb6 42. Kb4 f5 43. h4 g6 44. Ne2 Kc6 45. Nf4 e5 46. Ne6
Nb2 47. Nf8 Nd3+ 48. Kc3 Nxf2 49. Nxh7 Nd1+ 50. Kd2 Nb2 51. Nf8 Nxa4 52. Nxg6
Nb6 53. Ne7+ Kd7 54. Nxf5 Ke6 55. g4 Nd7 56. Ng3 1-0

[Event "First Saturday 2010 december IM"]
[Site "Budapest"]
[Date "2010.12.09"]
[Round "6"]
[White "Tan, Weiliang"]
[Black "Lengyel, Bela"]
[Result "0-1"]
[WhiteElo "2146"]
[BlackElo "2289"]
[PlyCount "56"]
[EventDate "2010.12.04"]

1. e4 e5 2. Nf3 Nc6 3. d4 exd4 4. Nxd4 Bc5 5. Nb3 Bb6 6. Qe2 d6 7. Be3 Nf6 8.
Nc3 Be6 9. O-O-O O-O 10. f3 Bxe3+ 11. Qxe3 a5 12. a4 Qe7 13. g4 Nd7 14. g5 Nb4
15. f4 b6 16. h4 Nc5 17. Nxc5 bxc5 18. Qf3 f5 19. Bh3 Qd7 20. Rhf1 Rae8 21.
Rde1 fxe4 22. Bxe6+ Qxe6 23. Rxe4 Qf5 24. Qe2 Na2+ 25. Kd2 Nxc3 26. Rxe8 Nxe2
27. Rxe2 Qd5+ 28. Kc1 Qc4 0-1

[Event "First Saturday 2010 december IM"]
[Site "Budapest"]
[Date "2010.12.09"]
[Round "6"]
[White "Bakin, Alexander"]
[Black "Szalanczy, Emil"]
[Result "0-1"]
[WhiteElo "2235"]
[BlackElo "2247"]
[PlyCount "128"]
[EventDate "2010.12.04"]

1. d4 c5 2. d5 e6 3. c4 exd5 4. cxd5 d6 5. Nc3 g6 6. e4 Bg7 7. Bf4 a6 8. a4 Qe7
9. Bd3 Nh6 10. Nge2 Nd7 11. h3 Ne5 12. Bc2 g5 13. Bh2 Rg8 14. Rb1 Bd7 15. b4 c4
16. Rc1 f5 17. Kf1 f4 18. Nd4 Qf6 19. Ne6 Nhf7 20. f3 Ke7 21. Ne2 Nd8 22. N2d4
Nxe6 23. Nf5+ Kf7 24. Nxd6+ Kg6 25. dxe6 Bxe6 26. Nxb7 Rgd8 27. Nxd8 Rxd8 28.
Qe1 Nd3 29. Bxd3 Rxd3 30. e5 Qxe5 31. Qxe5 Bxe5 32. Ke2 Rb3 33. Rb1 Bf5 34.
Rxb3 cxb3 35. b5 a5 36. Rd1 b2 37. Bg1 Bc2 38. Rf1 Bc7 39. b6 Bb8 40. b7 b1=Q
41. Rxb1 Bxb1 42. Kd2 Ba2 43. Bb6 Bb3 44. Bxa5 Bxa4 45. Bb6 Bc6 46. Ke2 Bxb7
47. Kf2 Be5 48. Kg1 Kf5 49. Kh2 h5 50. Bc5 Ke6 51. Kh1 Bf6 52. Bb6 Kd5 53. Bc7
Kd4 54. h4 Ke3 55. hxg5 Bxg5 56. Bb6+ Ke2 57. Kh2 Bh4 58. Kg1 Bg3 59. Bc5 h4
60. Bb6 h3 61. Bc7 hxg2 62. Kxg2 Bxf3+ 63. Kh3 Bh5 64. Bd6 Kf3 0-1

[Event "First Saturday 2010 december IM"]
[Site "Budapest"]
[Date "2010.12.09"]
[Round "6"]
[White "To, Nhat Minh"]
[Black "Adams, Nick A"]
[Result "1/2-1/2"]
[WhiteElo "2400"]
[BlackElo "2277"]
[PlyCount "23"]
[EventDate "2010.12.04"]

1. d4 d5 2. Nf3 Nf6 3. a3 e6 4. e3 Be7 5. Bd3 c5 6. dxc5 Bxc5 7. O-O O-O 8. c4
Nc6 9. b4 Bd6 10. Bb2 Qe7 11. Nbd2 a6 12. Qc2 1/2-1/2

[Event "First Saturday 2010 december IM"]
[Site "Budapest"]
[Date "2010.12.10"]
[Round "7"]
[White "Kholopov, Alexander"]
[Black "Farago, Sandor"]
[Result "1-0"]
[WhiteElo "2309"]
[BlackElo "2284"]
[PlyCount "99"]
[EventDate "2010.12.04"]

1. c4 c5 2. Nc3 Nc6 3. g3 g6 4. Bg2 Bg7 5. a3 e6 6. b4 d6 7. Rb1 Nge7 8. Nh3
O-O 9. Nf4 Rb8 10. Qa4 Bd7 11. b5 Ne5 12. O-O Nc8 13. Qb3 Nb6 14. d3 Qe7 15.
Bb2 Be8 16. a4 Nbd7 17. Rbd1 Bh6 18. Bc1 g5 19. Nh3 Ng6 20. Ne4 f6 21. d4 Bg7
22. dxc5 dxc5 23. Nd6 Nde5 24. f4 gxf4 25. Nxf4 Nxf4 26. gxf4 Ng6 27. f5 Nh4
28. Bh3 exf5 29. Bxf5 Bh5 30. Qg3 Ng6 31. Qh3 Bxe2 32. Rfe1 Rbd8 33. Be6+ Kh8
34. Nf7+ Rxf7 35. Rxd8+ Qxd8 36. Bxf7 Qd4+ 37. Be3 Qd3 38. Rxe2 Qxe2 39. Bxg6
Qe1+ 40. Kg2 Qe2+ 41. Bf2 Bh6 42. Qxh6 Qg4+ 43. Bg3 Qe2+ 44. Kh3 Qe6+ 45. Kh4
Qxc4+ 46. Qf4 Qxf4+ 47. Bxf4 hxg6 48. Be3 b6 49. Bxc5 Kg7 50. Bxb6 1-0

[Event "First Saturday 2010 december IM"]
[Site "Budapest"]
[Date "2010.12.10"]
[Round "7"]
[White "Adams, Nick A"]
[Black "Kislik, Erik Andrew"]
[Result "0-1"]
[WhiteElo "2277"]
[BlackElo "2334"]
[PlyCount "98"]
[EventDate "2010.12.04"]

1. c4 e5 2. Nc3 Nf6 3. Nf3 Nc6 4. e4 Bc5 5. Nxe5 Nxe5 6. d4 Bb4 7. dxe5 Nxe4 8.
Qd4 Nxc3 9. bxc3 c5 10. Qe3 Ba5 11. Qg3 Qe7 12. Be2 O-O 13. O-O d6 14. Bf4 Re8
15. Bh5 dxe5 16. Rae1 e4 17. Bd6 Qf6 18. Re3 Qh6 19. Bd1 Re6 20. Bxc5 f5 21. f4
Rc6 22. Bd4 Be6 23. c5 Bxa2 24. Qf2 Bc4 25. Rh3 Qe6 26. Qh4 h6 27. Re1 Bd8 28.
Qg3 Bf6 29. Qf2 Rd8 30. Bh5 Bxd4 31. cxd4 Qd5 32. Rd1 Rxc5 33. g4 Rc6 34. Rg3
fxg4 35. Bxg4 Bd3 36. Kh1 Qxd4 37. Qa2+ Kh8 38. Qf7 b5 39. Bf5 Qf6 40. Qxa7 Ra6
41. Qc7 Rg8 42. Rg6 Qxf5 43. Rxa6 e3 44. Rxh6+ gxh6 45. Qc3+ Rg7 46. Qxd3 Qxd3
47. Rxd3 Re7 48. Rd1 e2 49. Re1 b4 0-1

[Event "First Saturday 2010 december IM"]
[Site "Budapest"]
[Date "2010.12.10"]
[Round "7"]
[White "Brustkern, Juergen"]
[Black "To, Nhat Minh"]
[Result "0-1"]
[WhiteElo "2276"]
[BlackElo "2400"]
[PlyCount "82"]
[EventDate "2010.12.04"]

1. d4 d5 2. c4 c6 3. Nc3 Nf6 4. Nf3 a6 5. c5 g6 6. h3 Bg7 7. Bf4 O-O 8. e3 Nbd7
9. Be2 b6 10. cxb6 Qxb6 11. Rb1 c5 12. O-O Bb7 13. Ne5 e6 14. Na4 Qa7 15. dxc5
Nxc5 16. b4 Nxa4 17. Qxa4 Ne4 18. Rbc1 d4 19. exd4 Qxd4 20. Rc4 Qd5 21. Bf3 f5
22. Rc7 Bxe5 23. Bxe5 Rf7 24. Rxf7 Kxf7 25. Rd1 Qxe5 26. Qd7+ Kf6 27. Qxb7 Rb8
28. Qxh7 Ng5 29. Qh4 f4 30. Rd7 Qe1+ 31. Kh2 Qxb4 32. Qh6 Rg8 33. h4 Nf7 34.
Rxf7+ Kxf7 35. h5 Qd4 36. hxg6+ Ke7 37. Qg5+ Kd6 38. Qa5 Rh8+ 39. Bh5 Kd7 40.
Qg5 Qxf2 41. Qe5 f3 0-1

[Event "First Saturday 2010 december IM"]
[Site "Budapest"]
[Date "2010.12.10"]
[Round "7"]
[White "Szalanczy, Emil"]
[Black "Tesik, Csaba"]
[Result "1-0"]
[WhiteElo "2247"]
[BlackElo "2258"]
[PlyCount "81"]
[EventDate "2010.12.04"]

1. d4 Nf6 2. c4 e6 3. Nf3 b6 4. g3 Ba6 5. Nbd2 c6 6. Bg2 d5 7. Ne5 Nfd7 8. Nxd7
Nxd7 9. O-O f5 10. b3 Bd6 11. Bb2 O-O 12. Rc1 Nf6 13. Nf3 Qe7 14. Rc2 Rae8 15.
e3 Bb7 16. Ne5 g5 17. a4 g4 18. Qa1 Ne4 19. Rfc1 Kg7 20. a5 h5 21. a6 Ba8 22.
cxd5 cxd5 23. Ba3 Bxa3 24. Rc7 Bxc1 25. Qxc1 Kh6 26. Rxe7 Rxe7 27. f3 gxf3 28.
Bxf3 Rg7 29. Qd1 Rfg8 30. Bxe4 dxe4 31. Qf1 Bd5 32. Qf4+ Kh7 33. Qh4 Kh6 34.
Qf6+ Kh7 35. Kg2 Bxb3 36. Kh3 Rc8 37. Nf7 Rg6 38. Qe7 Rg7 39. Kh4 Bc4 40. Qf6
Rcg8 41. Qh6# 1-0

[Event "First Saturday 2010 december IM"]
[Site "Budapest"]
[Date "2010.12.10"]
[Round "7"]
[White "Lengyel, Bela"]
[Black "Bakin, Alexander"]
[Result "0-1"]
[WhiteElo "2289"]
[BlackElo "2235"]
[PlyCount "112"]
[EventDate "2010.12.04"]

1. e4 c6 2. d4 d5 3. Nc3 dxe4 4. Nxe4 Bf5 5. Ng3 Bg6 6. h4 h6 7. Bc4 e6 8. N1e2
Bd6 9. Bf4 Ne7 10. Qd2 Nd5 11. Bxd5 cxd5 12. Bxd6 Qxd6 13. Nf4 Bh7 14. Ngh5 Rg8
15. Rh3 Nd7 16. O-O-O Rc8 17. c3 b5 18. Re1 g5 19. hxg5 hxg5 20. Ne2 Qa6 21. b3
Qa3+ 22. Qb2 Qxb2+ 23. Kxb2 Bg6 24. Nhg3 Ke7 25. Nf1 Kd6 26. Ne3 Nf6 27. f3 a5
28. g4 Nd7 29. Rh6 Nb6 30. Reh1 b4 31. cxb4 axb4 32. Rc1 Rh8 33. Rch1 Rhg8 34.
R6h2 f6 35. Rh6 Nd7 36. Rd1 Ke7 37. Rc1 Kf7 38. Rxc8 Rxc8 39. Rh1 Ke7 40. a3
bxa3+ 41. Kxa3 Bd3 42. Nc1 Ba6 43. Kb2 Kd6 44. Na2 Be2 45. Rh3 Nb8 46. Nc3 Bd3
47. Rh6 Rf8 48. Kc1 Nc6 49. Kd2 Ba6 50. Nc2 Na5 51. b4 Nb3+ 52. Kd1 Bd3 53. Ne1
Bf1 54. Nc2 Rc8 55. Na4 Rc4 56. Rxf6 Bd3 0-1

[Event "First Saturday 2010 december IM"]
[Site "Budapest"]
[Date "2010.12.10"]
[Round "7"]
[White "Lyell, Mark"]
[Black "Tan, Weiliang"]
[Result "0-1"]
[WhiteElo "2210"]
[BlackElo "2146"]
[PlyCount "52"]
[EventDate "2010.12.04"]

1. e4 c5 2. Nc3 d6 3. f4 g6 4. Nf3 Bg7 5. Bc4 Nc6 6. O-O Nf6 7. d3 O-O 8. Qe1
e6 9. Bb3 Na5 10. e5 Ne8 11. Ne4 Nxb3 12. axb3 b6 13. Bd2 Bb7 14. b4 d5 15. Nf2
Nc7 16. bxc5 bxc5 17. Ba5 Qc8 18. Ng4 Ne8 19. Qh4 f5 20. exf6 Nxf6 21. Ng5 Qd7
22. d4 Nh5 23. Ne5 Qe7 24. g4 Bxe5 25. fxe5 Nf4 26. c3 Qxg5 0-1

[Event "First Saturday 2010 december IM"]
[Site "Budapest"]
[Date "2010.12.11"]
[Round "8"]
[White "Farago, Sandor"]
[Black "Tan, Weiliang"]
[Result "1/2-1/2"]
[WhiteElo "2284"]
[BlackElo "2146"]
[PlyCount "82"]
[EventDate "2010.12.04"]

1. e4 c5 2. Nf3 d6 3. d4 cxd4 4. Nxd4 Nf6 5. Nc3 a6 6. Bc4 e6 7. Bb3 Nbd7 8.
Qe2 Nc5 9. Bg5 Be7 10. f4 h6 11. Bxf6 Bxf6 12. O-O-O Qc7 13. g4 g5 14. Nf5
Nxb3+ 15. axb3 exf5 16. Nd5 Qd8 17. e5 Be7 18. exd6 Qxd6 19. Rhe1 Kf8 20. Nxe7
Qxf4+ 21. Kb1 Kg7 22. gxf5 Bxf5 23. Rf1 Bg4 24. Qg2 Qc7 25. Nd5 Qd7 26. Qe4
Rhe8 27. Qd4+ Kg6 28. Rf6+ Kh7 29. Rg1 Rad8 30. c4 Bf5+ 31. Ka2 Bg6 32. h4 Re4
33. Qb6 Rxc4 34. Rxf7+ Qxf7 35. Qxd8 Rc5 36. Rd1 b6 37. Ka3 Ra5+ 38. Kb4 Rb5+
39. Ka3 Ra5+ 40. Kb4 Rb5+ 41. Ka3 Ra5+ 1/2-1/2

[Event "First Saturday 2010 december IM"]
[Site "Budapest"]
[Date "2010.12.11"]
[Round "8"]
[White "Bakin, Alexander"]
[Black "Lyell, Mark"]
[Result "0-1"]
[WhiteElo "2235"]
[BlackElo "2210"]
[PlyCount "78"]
[EventDate "2010.12.04"]

1. e4 e5 2. Nf3 Nc6 3. Bc4 Nf6 4. Ng5 d5 5. exd5 Na5 6. Bb5+ c6 7. dxc6 bxc6 8.
Be2 h6 9. Nf3 e4 10. Ne5 Bc5 11. c3 Qc7 12. d4 exd3 13. Nxd3 Bd6 14. h3 O-O 15.
O-O Bf5 16. Nd2 Rad8 17. b4 Rfe8 18. bxa5 Rxe2 19. Qxe2 Bxd3 20. Qf3 Qxa5 21.
Bb2 Qb5 22. Nb3 Bxf1 23. Rxf1 Bh2+ 24. Kxh2 Qxf1 25. Nd4 Qb1 26. Nxc6 Rd1 27.
g3 Rd2 28. Ne7+ Kh8 29. Ba3 Qe4 30. Kg2 Rxa2 31. Bc5 a5 32. Bd4 a4 33. Nf5 a3
34. c4 Rd2 35. Qxe4 Nxe4 36. Kf3 Nd6 37. Ke3 Nxf5+ 38. Kxd2 Nxd4 39. Kc3 Kg8
0-1

[Event "First Saturday 2010 december IM"]
[Site "Budapest"]
[Date "2010.12.11"]
[Round "8"]
[White "Tesik, Csaba"]
[Black "Lengyel, Bela"]
[Result "1-0"]
[WhiteElo "2258"]
[BlackElo "2289"]
[PlyCount "65"]
[EventDate "2010.12.04"]

1. e4 e5 2. Bc4 Nf6 3. d3 c6 4. Nf3 d5 5. Bb3 a5 6. a4 Bb4+ 7. c3 Bd6 8. exd5
cxd5 9. Bg5 Be6 10. Na3 Nc6 11. Nb5 Bb8 12. O-O O-O 13. Qd2 d4 14. Bxe6 fxe6
15. Rfe1 dxc3 16. bxc3 Qe8 17. Bh4 Nd5 18. Bg3 Nf4 19. Re4 Qh5 20. Bxf4 Rxf4
21. Rxf4 exf4 22. Re1 Nd8 23. d4 Ra6 24. Ne5 Qh4 25. Re4 g5 26. Nd7 Bd6 27. d5
Qh6 28. c4 Qg7 29. c5 Bf8 30. Nxf8 Kxf8 31. Re1 Qd7 32. Qc3 Nf7 33. c6 1-0

[Event "First Saturday 2010 december IM"]
[Site "Budapest"]
[Date "2010.12.11"]
[Round "8"]
[White "Kislik, Erik Andrew"]
[Black "Brustkern, Juergen"]
[Result "1/2-1/2"]
[WhiteElo "2334"]
[BlackElo "2276"]
[PlyCount "90"]
[EventDate "2010.12.04"]

1. e4 e5 2. Nf3 Nc6 3. Bb5 Nge7 4. Nc3 g6 5. d4 exd4 6. Nd5 Bg7 7. Bg5 h6 8.
Bf6 Bxf6 9. Nxf6+ Kf8 10. Qd2 a6 11. Ba4 Nf5 12. Nd5 Nh4 13. Nxh4 Qxh4 14.
O-O-O b5 15. Bb3 Bb7 16. f4 Qd8 17. c3 a5 18. cxd4 Ne7 19. Nf6 a4 20. Bc2 a3
21. b4 Ra6 22. Ng4 f5 23. Nf2 fxe4 24. Nxe4 Bxe4 25. Bxe4 d5 26. Bd3 Qd6 27.
Bxb5 Rb6 28. Ba4 Rxb4 29. Bb3 Kg7 30. Rhe1 Nc6 31. Qe3 Rf8 32. g3 Nxd4 33. Qe7+
Rf7 34. Qxd6 cxd6 35. Bxd5 Rc7+ 36. Kd2 Nc2 37. Re6 Rb2 38. Rxd6 Nb4+ 39. Ke3
Nxd5+ 40. R1xd5 Rxh2 41. Ra6 h5 42. Rg5 Re7+ 43. Kd3 Rxa2 44. Rgxg6+ Kf7 45.
Rgf6+ Kg7 1/2-1/2

[Event "First Saturday 2010 december IM"]
[Site "Budapest"]
[Date "2010.12.11"]
[Round "8"]
[White "Kholopov, Alexander"]
[Black "Adams, Nick A"]
[Result "1/2-1/2"]
[WhiteElo "2309"]
[BlackElo "2277"]
[PlyCount "26"]
[EventDate "2010.12.04"]

1. c4 e6 2. Nf3 d5 3. g3 Nf6 4. Bg2 c5 5. O-O Nc6 6. d4 Be7 7. Nc3 O-O 8. Bg5
Ne4 9. Bxe7 Qxe7 10. Ne5 Nxc3 11. Nxc6 bxc6 12. bxc3 Ba6 13. cxd5 cxd5 1/2-1/2

[Event "First Saturday 2010 december IM"]
[Site "Budapest"]
[Date "2010.12.12"]
[Round "9"]
[White "Brustkern, Juergen"]
[Black "Kholopov, Alexander"]
[Result "1/2-1/2"]
[WhiteElo "2276"]
[BlackElo "2309"]
[PlyCount "39"]
[EventDate "2010.12.04"]

1. d4 f5 2. c4 Nf6 3. Nc3 d6 4. Bg5 Nbd7 5. Qc2 e5 6. e3 h6 7. Bxf6 Nxf6 8.
dxe5 dxe5 9. Nf3 Bd6 10. O-O-O Bd7 11. c5 Bxc5 12. Nxe5 O-O 13. Bc4+ Kh7 14.
Be6 Bxe6 15. Rxd8 Raxd8 16. g4 g6 17. Rg1 Rg8 18. g5 Nd5 19. Qe2 Nxc3 20. bxc3
1/2-1/2

[Event "First Saturday 2010 december IM"]
[Site "Budapest"]
[Date "2010.12.12"]
[Round "9"]
[White "Szalanczy, Emil"]
[Black "Kislik, Erik Andrew"]
[Result "1-0"]
[WhiteElo "2247"]
[BlackElo "2334"]
[PlyCount "87"]
[EventDate "2010.12.04"]

1. e4 c5 2. Nf3 Nc6 3. d4 cxd4 4. Nxd4 Nf6 5. Nc3 e5 6. Ndb5 d6 7. Be3 a6 8.
Na3 b5 9. Nd5 Rb8 10. Nxf6+ Qxf6 11. Be2 Be7 12. c3 O-O 13. O-O Be6 14. Nc2
Rfd8 15. Bf3 a5 16. Bc1 Bf8 17. Ne3 Qe7 18. Nd5 Qb7 19. Be3 Rd7 20. Qd3 Ne7 21.
g4 Bxd5 22. exd5 f6 23. Be4 g6 24. Rad1 Qc8 25. Kh1 Rc7 26. Rg1 b4 27. Bd2 bxc3
28. Bxc3 a4 29. a3 Bh6 30. Bb4 Rb6 31. Qe2 Rc4 32. Rg3 Rcxb4 33. axb4 Rxb4 34.
Rc3 Qb7 35. Rc2 Bg7 36. Bf3 f5 37. gxf5 Nxf5 38. Bg4 Nd4 39. Rxd4 Rxd4 40. Be6+
Kf8 41. Rc8+ Ke7 42. Qf3 Rf4 43. Qc3 Qb5 44. Qc7+ 1-0

[Event "First Saturday 2010 december IM"]
[Site "Budapest"]
[Date "2010.12.12"]
[Round "9"]
[White "Lengyel, Bela"]
[Black "To, Nhat Minh"]
[Result "1/2-1/2"]
[WhiteElo "2289"]
[BlackElo "2400"]
[PlyCount "26"]
[EventDate "2010.12.04"]

1. e4 Nf6 2. e5 Nd5 3. d4 d6 4. Nf3 dxe5 5. Nxe5 c6 6. Be2 Bf5 7. c3 Nd7 8.
Nxd7 Qxd7 9. O-O g6 10. Na3 Bg7 11. Nc2 O-O 12. Ne3 Nxe3 13. Bxe3 a6 1/2-1/2

[Event "First Saturday 2010 december IM"]
[Site "Budapest"]
[Date "2010.12.12"]
[Round "9"]
[White "Lyell, Mark"]
[Black "Tesik, Csaba"]
[Result "0-1"]
[WhiteElo "2210"]
[BlackElo "2258"]
[PlyCount "74"]
[EventDate "2010.12.04"]

1. e4 c5 2. Nf3 e6 3. c3 d5 4. e5 Nc6 5. d4 Qb6 6. a3 a5 7. Bd3 Bd7 8. O-O Nh6
9. Bc2 Rc8 10. b3 Nf5 11. Be3 Nxe3 12. fxe3 Be7 13. Qd3 g6 14. Nbd2 O-O 15. h4
a4 16. b4 cxb4 17. Bxa4 bxc3 18. Nb1 Nxe5 19. Nxe5 Bxa4 20. Nxc3 Bc6 21. h5 Kg7
22. a4 Bg5 23. hxg6 fxg6 24. Rxf8 Rxf8 25. Rb1 Qc7 26. Nb5 Qe7 27. Rc1 Qf6 28.
Qe2 Qf5 29. Nd6 Qf6 30. Nxb7 Bxa4 31. Rc7+ Kg8 32. Ng4 Qf5 33. Nc5 Qb1+ 34. Kh2
Bb5 35. Qd2 Qf5 36. Ne5 Bd8 37. Rb7 Qh5+ 0-1

[Event "First Saturday 2010 december IM"]
[Site "Budapest"]
[Date "2010.12.12"]
[Round "9"]
[White "Tan, Weiliang"]
[Black "Bakin, Alexander"]
[Result "1-0"]
[WhiteElo "2146"]
[BlackElo "2235"]
[PlyCount "65"]
[EventDate "2010.12.04"]

1. e4 c6 2. d4 d5 3. Nd2 dxe4 4. Nxe4 Bf5 5. Ng3 Bg6 6. Nh3 Nf6 7. Nf4 e5 8.
Nxg6 hxg6 9. dxe5 Qxd1+ 10. Kxd1 Ng4 11. Ne4 Nxe5 12. Be2 Na6 13. c3 Nc5 14.
Nxc5 Bxc5 15. f4 O-O-O+ 16. Kc2 Nd7 17. b4 Bb6 18. Bc4 Rhf8 19. a4 Nf6 20. a5
Bc7 21. Be3 a6 22. g3 Nd5 23. Bc5 Rfe8 24. Rhe1 f6 25. Kb3 g5 26. fxg5 fxg5 27.
Bd4 Nf6 28. Bf7 Rh8 29. Ba7 Nd7 30. Be6 Rxh2 31. Rad1 b6 32. Rxd7 Rxd7 33. Rd1
1-0

[Event "First Saturday 2010 december IM"]
[Site "Budapest"]
[Date "2010.12.13"]
[Round "10"]
[White "Farago, Sandor"]
[Black "Bakin, Alexander"]
[Result "1-0"]
[WhiteElo "2284"]
[BlackElo "2235"]
[PlyCount "81"]
[EventDate "2010.12.04"]

1. d4 d5 2. c4 e6 3. Nf3 Nf6 4. Nc3 Be7 5. Bg5 h6 6. Bh4 O-O 7. e3 Nbd7 8. Qc2
c5 9. Rd1 cxd4 10. exd4 b6 11. cxd5 Nxd5 12. Bg3 Bb7 13. Be2 Rc8 14. Qb3 N7f6
15. O-O Nxc3 16. bxc3 Ne4 17. c4 Nxg3 18. hxg3 Bf6 19. Qe3 Qd6 20. Rd2 Rfd8 21.
Rfd1 Qc6 22. Bf1 Qe4 23. Qa3 a6 24. Qb4 Qc6 25. Ne5 Qd6 26. c5 Qe7 27. Qxb6
Bxe5 28. dxe5 Rxd2 29. Rxd2 Rxc5 30. Rd8+ Kh7 31. Bd3+ g6 32. f4 Qc7 33. Qd6
Qxd6 34. exd6 Rd5 35. Bc4 Rd4 36. Rd7 Bd5 37. Bxa6 Kg7 38. Bb5 Rd2 39. a4 Bxg2
40. Rd8 Bb7 41. d7 1-0

[Event "First Saturday 2010 december IM"]
[Site "Budapest"]
[Date "2010.12.13"]
[Round "10"]
[White "Tesik, Csaba"]
[Black "Tan, Weiliang"]
[Result "1/2-1/2"]
[WhiteElo "2258"]
[BlackElo "2146"]
[PlyCount "88"]
[EventDate "2010.12.04"]

1. e4 Nf6 2. e5 Nd5 3. d4 d6 4. Nf3 Nb6 5. a4 a5 6. Bb5+ c6 7. Bd3 g6 8. O-O
dxe5 9. Nxe5 Bg7 10. c3 O-O 11. Re1 Be6 12. Nd2 N8d7 13. Ndf3 Bd5 14. Nxd7 Nxd7
15. Bg5 Re8 16. Qe2 Qc7 17. Ne5 Nxe5 18. dxe5 Rad8 19. Bc2 Qc8 20. b3 c5 21. c4
Bc6 22. Rad1 Qe6 23. Bd2 b6 24. Bc3 Ba8 25. f4 Bh6 26. Rf1 f5 27. Bd2 Rd7 28.
Be3 Red8 29. Rxd7 Rxd7 30. Rd1 Qc6 31. Rxd7 Qxd7 32. Qd2 Qxd2 33. Bxd2 Bg7 34.
h4 Kf7 35. Kf2 Bf8 36. g3 Ke6 37. Ke3 Bg7 38. Bc3 Bg2 39. Be1 h6 40. Bc3 Bc6
41. Be1 g5 42. Bc3 gxh4 43. gxh4 Bg2 44. Be1 Bc6 1/2-1/2

[Event "First Saturday 2010 december IM"]
[Site "Budapest"]
[Date "2010.12.13"]
[Round "10"]
[White "Kislik, Erik Andrew"]
[Black "Lengyel, Bela"]
[Result "0-1"]
[WhiteElo "2334"]
[BlackElo "2289"]
[PlyCount "146"]
[EventDate "2010.12.04"]

1. e4 e5 2. Nf3 Nc6 3. Bb5 a6 4. Ba4 Nf6 5. O-O Be7 6. Re1 b5 7. Bb3 d6 8. c3
O-O 9. h3 Na5 10. Bc2 c5 11. d4 Qc7 12. Nbd2 Nc6 13. d5 Na5 14. b3 Bd7 15. Nf1
Nb7 16. c4 Rfb8 17. Bd2 g6 18. Ne3 Bd8 19. Bd3 Nh5 20. Qc2 Nf4 21. Bf1 Qc8 22.
a3 f6 23. Rab1 Ba5 24. b4 Bb6 25. Rec1 Qe8 26. Kh2 Nd8 27. g3 Nh5 28. Be2 Nf7
29. Nh4 Ng7 30. Rf1 Rc8 31. Ng4 Qe7 32. f4 f5 33. fxe5 fxg4 34. e6 Nxe6 35.
dxe6 Bxe6 36. Rf4 Ne5 37. Rbf1 cxb4 38. Bxb4 Be3 39. hxg4 Bxf4 40. Rxf4 Bxc4
41. Bxc4+ Rxc4 42. Qd2 Qe6 43. g5 Rac8 44. Qxd6 Qxd6 45. Bxd6 Nf7 46. Rf6 Rxe4
47. Bf4 Ra4 48. Ng2 Rxa3 49. Ne3 Rxe3 50. Bxe3 Ne5 51. Kh3 Nc4 52. Bd4 Rd8 53.
Ba1 a5 54. Ra6 Rd7 55. Rc6 Kf7 56. Bc3 Rd3 57. Bf6 a4 58. Rc7+ Ke6 59. Re7+ Kd5
60. Rxh7 b4 61. Rb7 b3 62. Rb5+ Kc6 63. Rb4 Nb6 64. Bb2 Rd5 65. Kh4 Rd2 66. Bg7
Rc2 67. Bd4 Rc4 68. Rxb6+ Kc7 69. g4 Rxd4 70. Rb5 Rd6 71. Rb4 Rb6 72. Rc4+ Kb7
73. Rxa4 b2 0-1

[Event "First Saturday 2010 december IM"]
[Site "Budapest"]
[Date "2010.12.13"]
[Round "10"]
[White "Kholopov, Alexander"]
[Black "Szalanczy, Emil"]
[Result "1-0"]
[WhiteElo "2309"]
[BlackElo "2247"]
[PlyCount "69"]
[EventDate "2010.12.04"]

1. d4 c5 2. d5 e6 3. c4 exd5 4. cxd5 d6 5. Nc3 g6 6. e4 Bg7 7. Nf3 a6 8. a4 Bg4
9. Qb3 Bxf3 10. Qxb7 Bxg2 11. Bxg2 Nd7 12. O-O Nh6 13. Bh3 Ne5 14. f4 Nd3 15.
Qc6+ Kf8 16. e5 Nf5 17. Bxf5 gxf5 18. Be3 dxe5 19. fxe5 Nxe5 20. Qxc5+ Kg8 21.
d6 Rc8 22. Qd5 Qd7 23. Rae1 Qe6 24. Bf4 Rxc3 25. Qxe6 fxe6 26. bxc3 Ng6 27.
Rxe6 Kf7 28. Re3 Rc8 29. Bg5 Nf8 30. d7 Nxd7 31. Re7+ Kg6 32. Rxd7 Bxc3 33. Bf4
a5 34. Rc1 Kh5 35. Kf1 1-0

[Event "First Saturday 2010 december IM"]
[Site "Budapest"]
[Date "2010.12.13"]
[Round "10"]
[White "Adams, Nick A"]
[Black "Brustkern, Juergen"]
[Result "0-1"]
[WhiteElo "2277"]
[BlackElo "2276"]
[PlyCount "90"]
[EventDate "2010.12.04"]

1. c4 f5 2. Nc3 Nf6 3. g3 e6 4. Bg2 d5 5. Nf3 c6 6. O-O Be7 7. Qc2 O-O 8. d3 a6
9. a3 Kh8 10. b4 b6 11. Bb2 Ra7 12. Rac1 d4 13. Nb1 c5 14. bxc5 Bxc5 15. Rce1
Nc6 16. e3 e5 17. exd4 exd4 18. Ng5 Qd6 19. Bc1 Re7 20. Bf4 Qd7 21. Rxe7 Nxe7
22. Re1 Ng6 23. Bc1 Re8 24. Qd1 h6 25. Nh3 Kh7 26. Nd2 Ne5 27. Nf3 Nxf3+ 28.
Bxf3 g5 29. Bg2 Re7 30. Kf1 Bb7 31. Rxe7+ Qxe7 32. Bxb7 Qxb7 33. f3 b5 34. cxb5
Qxb5 35. Nf2 Nd5 36. Qe1 Ne3+ 37. Kg1 Qb1 38. Bd2 Qxe1+ 39. Bxe1 Bxa3 40. g4
fxg4 41. fxg4 Bb2 42. Ba5 Bc3 43. Bb6 Nd5 44. Bc5 a5 45. Ne4 Nf4 0-1

[Event "First Saturday 2010 december IM"]
[Site "Budapest"]
[Date "2010.12.14"]
[Round "11"]
[White "Brustkern, Juergen"]
[Black "Farago, Sandor"]
[Result "1/2-1/2"]
[WhiteElo "2276"]
[BlackElo "2284"]
[PlyCount "51"]
[EventDate "2010.12.04"]

1. e4 Nf6 2. Nc3 d6 3. d4 g6 4. Be3 Bg7 5. Qd2 c6 6. f3 b5 7. a4 b4 8. Nd1 a5
9. c3 bxc3 10. bxc3 Ba6 11. Bxa6 Nxa6 12. Ne2 O-O 13. O-O c5 14. Nf2 cxd4 15.
cxd4 Nb4 16. Rfc1 Qd7 17. Bh6 Rfc8 18. Bxg7 Rxc1+ 19. Rxc1 Kxg7 20. Nc3 Rc8 21.
Nb5 Rxc1+ 22. Qxc1 Qc6 23. Qxc6 Nxc6 24. Nd3 Nd7 25. Kf2 Nb6 26. Nb2 1/2-1/2

[Event "First Saturday 2010 december IM"]
[Site "Budapest"]
[Date "2010.12.14"]
[Round "11"]
[White "Lengyel, Bela"]
[Black "Kholopov, Alexander"]
[Result "0-1"]
[WhiteElo "2289"]
[BlackElo "2309"]
[PlyCount "54"]
[EventDate "2010.12.04"]

1. e4 c5 2. Nf3 Nf6 3. e5 Nd5 4. Nc3 e6 5. Nxd5 exd5 6. d4 Nc6 7. dxc5 Bxc5 8.
Qxd5 Qb6 9. Bc4 Bxf2+ 10. Ke2 O-O 11. Rf1 Bc5 12. Ng5 Nd4+ 13. Kd1 Ne6 14. Bd3
Nxg5 15. Bxg5 d6 16. Qe4 g6 17. exd6 Qxd6 18. Bh6 Rd8 19. Bg5 Rf8 20. Rf4 Bd7
21. b4 Rae8 22. bxc5 Qxc5 23. Qd4 Qxg5 24. Rb1 Bc6 25. g3 Qh5+ 26. Kc1 Qxh2 27.
Bc4 Qxg3 0-1